000 00588nam a2200229Ia 4500
003 OSt
005 20220923230713.0
006 a|||||r|||| 00| 0
007 ta
008 Pun
024 _a304,894
037 _cTextual
040 _aARTS
_cARTS
_bPun
041 _2Pun
_aPun
082 _aY1:1, 153J4
100 _aਵਰਿਆਮ ਸਿੰਘ
245 0 _aਵਿFਵ ਸਭਿਤਾ ਦਾ ਇਤਿਹਾਸ
260 _c1954
650 _aਸਮਾਜ Fਾਸਤਰ
942 _hY1:1, 153J4
_cTEXL
_2CC
999 _c386701
_d386701